| 000 | 01167cad a22002775a 4500 | ||
|---|---|---|---|
| 001 | L158704 | ||
| 008 | 130206s2015 xxk f 000 0 eng d | ||
| 020 | _a9781783211074 | ||
| 035 | _a(Sirsi) u158704 | ||
| 041 | 0 | _aeng | |
| 110 | 2 | _aRoyal Institution of Chartered Surveyors | |
| 245 |
_aManagement of risk _h[electronic resource] |
||
| 260 |
_aLondon _bRICS _c2015 |
||
| 300 | _a22p. | ||
| 490 | 0 | _aRICS Guidance Note | |
| 490 | 0 | _aRICS Black Book | |
| 520 | _aProvides details of the general principles of risk management and provides practical applications and considerations for successful implementation. This guidance note includes key principles of risk management; response/mitigation strategies; and risk identification techniques. Effective from 25 September 2015. | ||
| 590 | _aKA | ||
| 650 | 2 | 4 | _aRISK MANAGEMENT |
| 650 | 2 | 4 | _aMITIGATION |
| 651 | 4 | _aInternational | |
| 690 |
_aProject management _96261 |
||
| 700 | 1 | _aNewey, Richard | |
| 856 | 4 | 0 |
_uhttps://www.rics.org/profession-standards/rics-standards-and-guidance/sector-standards/construction-standards/black-book/management-of-risk _zAvailable free on RICS.org |
| 942 | _n0 | ||
| 999 |
_c115466 _d115466 |
||